000 00805nam a2200229Ia 4500
003 GCL
008 140319s9999 xx 000 0 ara d
040 _aGCL /
_cGCL
082 0 4 _a615.882
_bر ت
100 1 _aرياض اجود غبرة
245 1 0 _aالتداوى بالحجامة :
_bعلم - طب - وقاية - علاج : عرض لفوائدها وكيفية اجرائها /
_cرياض اجود غبرة
250 _aالاولى
260 _aالاردن :
_bدار الاسراء للنشر والتوزيع ،
_c2004
300 _a88 ص ؛
_c24 سم
650 0 4 _aالطب العربى
650 0 4 _aالطب الشعبى
650 0 4 _aالطب النبوى
650 0 4 _aالدم - امراض
650 0 4 _aالعلاج بالابر
650 0 4 _aالحجامة
942 _2ddc
_cBK
999 _c8389
_d8389